000 00422nam a2200169Ia 4500
005 20251020182559.0
008 200515s9999 xx 000 0 und d
082 _aSC/331.64/R53
100 _aRICCA, Sergio
245 0 _aLos servicios del empleo : Su naturaleza, mandato, funciones y administración
260 _aGinebra
260 _c1983
300 _a346
650 _aEMPLEO
650 _aPUB OIT
942 _cLIB
999 _c2995
_d2995